Shotokan karate : a guide in the fundamentals of martial arts with disarming techniques for criminology students / Greg Mabbayad Francisco. (Record no. 21012)
| 000 -LEADER | |
|---|---|
| fixed length control field | 00636nam a22001817a 4500 |
| 020 ## - INTERNATIONAL STANDARD BOOK NUMBER | |
| ISBN | 9786214181643 |
| 082 ## - DEWEY DECIMAL CLASSIFICATION NUMBER | |
| Classification number | 796.8153 |
| Item number | F8198 2020 |
| 100 ## - MAIN ENTRY--AUTHOR NAME | |
| Personal name | Francisco, Greg Mabbayad, author. |
| 245 ## - TITLE STATEMENT | |
| Title | Shotokan karate : a guide in the fundamentals of martial arts with disarming techniques for criminology students / Greg Mabbayad Francisco. |
| 260 ## - PUBLICATION, DISTRIBUTION, ETC. (IMPRINT) | |
| Place of publication | Quezon City : |
| Name of publisher | Wiseman’s Books Trading, |
| Year of publication | 2020. |
| 300 ## - PHYSICAL DESCRIPTION | |
| Number of Pages | v, 95 pages : |
| Other physical details | illustrations ; 23 cm. |
| 500 ## - GENERAL NOTE | |
| General note | Includes bibliographical references. |
| 650 ## - SUBJECT ADDED ENTRY--TOPICAL TERM | |
| Topical Term | Karate. |
| 650 ## - SUBJECT ADDED ENTRY--TOPICAL TERM | |
| Topical Term | Shotokan karate. |
| 650 ## - SUBJECT ADDED ENTRY--TOPICAL TERM | |
| Topical Term | Martial arts. |
| 650 ## - SUBJECT ADDED ENTRY--TOPICAL TERM | |
| Topical Term | Self-defense. |
| 942 ## - ADDED ENTRY ELEMENTS (KOHA) | |
| Koha item type | Books |
| Source of acquisition | Permanent Location | Date acquired | Koha item type | Collection code | Accession Number | Lost status | Shelving location | Withdrawn status | Current Location | Full call number |
|---|---|---|---|---|---|---|---|---|---|---|
| School | Cagayan State University - Carig Library | 2025-06-04 | Books | Arts & Recreation | 010869 | General Collection | Cagayan State University - Carig Library | 796.8153 F8198 2020 | ||
| School | Cagayan State University - Carig Library | 2025-06-04 | Books | Arts & Recreation | 010870 | General Collection | Cagayan State University - Carig Library | 796.8153 F8198 2020 | ||
| School | Cagayan State University - Carig Library | 2025-06-04 | Books | Arts & Recreation | 010871 | General Collection | Cagayan State University - Carig Library | 796.8153 F8198 2020 |